Freud v Charles Scott Developments (South Devon) Ltd (Record no. 71629)
[ view plain ]
| 000 -LEADER | |
|---|---|
| fixed length control field | 01176cam a2200217 4500 |
| 001 - CONTROL NUMBER | |
| control field | X120569 |
| 008 - FIXED-LENGTH DATA ELEMENTS--GENERAL INFORMATION | |
| fixed length control field | 021125n2002 000 0 eng u |
| 035 ## - SYSTEM CONTROL NUMBER | |
| System control number | (Sirsi) u120569 |
| 245 ## - TITLE STATEMENT | |
| Title | Freud v Charles Scott Developments (South Devon) Ltd |
| 260 ## - PUBLICATION, DISTRIBUTION, ETC. | |
| Date of publication, distribution, etc. | 2002 |
| 490 ## - SERIES STATEMENT | |
| Series statement | Property, Planning and Compensation Reports |
| Volume/sequential designation | [2002] 2 P&CR 482-493(12) |
| 490 ## - SERIES STATEMENT | |
| Series statement | Court of Appeal (Civil Division) |
| Volume/sequential designation | [2002] EWCA Civ 106 |
| 520 ## - SUMMARY, ETC. | |
| Summary, etc. | CA 21 January 2002. Conditional contract for sale of land. Purchaser could apply for planning permission during contract period. 'Planning permission' was defined as grant of permission 'following a planning appeal or appeal on behalf of the purchaser'. The purchaser assigned rights and assignee obtained planning permission. Raises question of whether vendor is bound by agreement to complete transfer of land and whether purchaser as defined in agreement included assignment. |
| 650 ## - SUBJECT ADDED ENTRY--TOPICAL TERM | |
| Topical term or geographic name entry element | FREUND V CHARLES SCOTT DEVELOPMENTS (SOUTH DEVON) LTD |
| 650 ## - SUBJECT ADDED ENTRY--TOPICAL TERM | |
| Topical term or geographic name entry element | CONDITIONAL CONTRACT |
| 650 ## - SUBJECT ADDED ENTRY--TOPICAL TERM | |
| Topical term or geographic name entry element | SALE OF LAND |
| 650 ## - SUBJECT ADDED ENTRY--TOPICAL TERM | |
| Topical term or geographic name entry element | PLANNING PERMISSION |
| 650 ## - SUBJECT ADDED ENTRY--TOPICAL TERM | |
| Topical term or geographic name entry element | DEFINITION |
| 690 ## - LOCAL SUBJECT ADDED ENTRY--TOPICAL TERM (OCLC, RLIN) | |
| Topical term or geographic name as entry element | PLANNING LAW AND PRACTICE-CASE LAW |
| 942 ## - ADDED ENTRY ELEMENTS (KOHA) | |
| Suppress in OPAC | 0 |
| Withdrawn status | Lost status | Source of classification or shelving scheme | Damaged status | Not for loan | Home library | Current library | Shelving location | Date acquired | Total Checkouts | Full call number | Barcode | Date last seen | Copy number | Price effective from | Koha item type |
|---|---|---|---|---|---|---|---|---|---|---|---|---|---|---|---|
| Dewey Decimal Classification | London | London | Journal article | 25/11/2002 | X120569 | 120569-1001 | 06/08/2019 | 1 | 06/08/2019 | Law report |